| 000 | 00000nam 2200000za 4500 |
| 001 | 9.854729 |
| 003 | CaOODSP |
| 005 | 20251031142447 |
| 007 | cr ||||||||||| |
| 008 | 180404s2017 oncab ob f000 0 eng d |
| 040 | |aCaOODSP|beng |
| 043 | |an-cn-qu |
| 086 | 1 |aM183-2/8280E-PDF |
| 100 | 1 |aCastonguay, Sébastien. |
| 245 | 10|aQuébec, fortified city |h[electronic resource] : |bgeological and historical heritage – fieldtrip guidebook / |cS. Castonguay. |
| 260 | |a[Ottawa] : |bNatural Resources Canada, |c2017. |
| 300 | |a37 p. : |bill. (mostly col.), col. maps. |
| 490 | 1 |aOpen file ; |v8280 |
| 500 | |aIssued also in French under title: Québec ville fortifiée : patrimoine géologique et historique – guide d’excursion. |
| 504 | |aIncludes bibliographical references (p. 33-34). |
| 520 | |a“Quebec City is located at the junction of three geological provinces, bestowing upon it a unique geological panorama, which includes a historical district that dates back to the first days of the colony. Since 2004, Natural Resources Canada has been organizing, in collaboration with Parks Canada, a multidisciplinary urban tour through the streets of Old Quebec, combining geology and history. We hope that this guidebook will be a great addition to the tour you are about to take and that it will also be useful to science teachers as a source of examples taken from the local urban environment”--Introd., p. 3. |
| 692 | 07|2gccst|aHistoric sites |
| 692 | 07|2gccst|aGeology |
| 693 | 4|aQuébec (Québec) |
| 693 | 4|aHistorical geography |
| 693 | 4|aGuidebooks |
| 710 | 1 |aCanada. |bNatural Resources Canada. |
| 710 | 2 |aGeological Survey of Canada. |
| 775 | 08|tQuébec ville fortifiée |w(CaOODSP)9.833599 |
| 830 | #0|aOpen file (Geological Survey of Canada)|v8280.|w(CaOODSP)9.506878 |
| 856 | 40|qPDF|s4.89 MB|uhttps://publications.gc.ca/collections/collection_2018/rncan-nrcan/m183-2/M183-2-8280-eng.pdf |
| 986 | |a305907 |